00946nam a2200265Ia 450000500170000000800410001702000180005808200160007611000290009224500660012125000230018730000260021049000640023650000230030050500410032365000340036465000470039865000480044565000390049326400250053233600270055733700330058433800280061704000350064520220317001427.0161213s2014 sp g 000 0 s  a978958424117704aR 463bR21d2 aReal Academia Española10aDiccionario de la lengua españolacReal Academia Española aEdición especial a2 volùmenesc23 cm  aPlan Nacional de Lectura y Escritura Leer es mi Cuento 2016 aIncluye apéndice avolumen 1. a - g -- volumen 2. h - z142LEMBaEspañolvDiccionarios142LEMBaEspañolvDiccionariosxGramática142LEMBaEspañolvDiccionariosxOrtografía142LEMBaEnciclopedias y diccionarios aMadridbEspasac2014 atextobtxt2rdacontent asin mediaciónbn2rdamedia avolumenbnc2rdacarrier aCO-BoRNBPbspaerdacCO-BoRNBP